|
|
|
|
| LEADER |
00000nab a2200000 a 4500 |
| 001 |
vtls000032288 |
| 003 |
SK-MaSNL |
| 005 |
20260303122227.0 |
| 008 |
160202c1979 xo 0 slo |
| 015 |
|
|
|a SNBRB19rr/mm-uuuuu
|
| 035 |
|
|
|a CL0042382
|
| 040 |
|
|
|a SNKBUCL
|b slo
|c SNKBUCL
|e AACR2
|
| 041 |
0 |
|
|a slo
|
| 044 |
|
|
|a xo
|c SK
|
| 080 |
|
|
|a 339.923:061.1(4-11)
|2 1981
|
| 080 |
|
|
|a 061.1(4-11)
|2 1981
|
| 100 |
1 |
|
|a Štrougal, Lubomír,
|d 1924-2023
|4 aut
|9 223237
|
| 245 |
1 |
0 |
|a Uskutočňujeme integračný program
|b Rozhovor L. Štrougala s československými novinármi
|c Lubomír Štrougal
|
| 650 |
0 |
7 |
|a Rada vzájomnej hospodárskej pomoci
|2 snkbucl
|9 920973
|
| 655 |
|
7 |
|a články z novín a časopisov
|2 snkbucl
|9 267496
|
| 773 |
0 |
|
|t Pravda
|g Roč. 60, č. 151 (29. 6. 1979), s. 7
|
| 850 |
|
|
|a Slovenská národná knižnica v Martine
|a MTA001
|
| 852 |
|
|
|a SNK
|b KIS3GCP
|
| 958 |
|
|
|a RK
|
| 958 |
|
|
|a CZ
|
| 992 |
|
|
|a RBX
|
| 999 |
|
|
|c 1919782
|d 1921712
|